[Event "Online Olym Div3 B 2021"]
[Site "chess.com INT"]
[Date "2021.08.28"]
[Round "4.3"]
[Board "5"]
[White "Zaid Alaa Chaseb"]
[Black "Kebede, Yoseph Kifle"]
[Result "0-1"]
[WhiteTitle "CM"]
[WhiteElo "1814"]
[BlackElo "1814"]
[WhiteTeam "Iraq"]
[BlackTeam "Ethiopia"]
[WhiteFideId "4811623"]
[BlackFideId "15708063"]
[EventDate "2021.08.27"]
[EventType "team"]

1. e4 c6 2. d4 d5 3. exd5 cxd5 4. Bd3 Nc6 5. c3 Qc7 6. h3 Nf6 7. Nf3 e6 8. O-O
Bd6 9. Re1 O-O 10. Bg5 Bd7 11. Bxf6 gxf6 12. Nh4 Ne7 13. Qh5 Ng6 14. Nd2 Bf4 15.
Rad1 f5 16. Ndf3 Kg7 17. g4 fxg4 18. hxg4 Rh8 19. Ne5 Bxe5 20. dxe5 Rag8 21. Ng2
Qb6 22. Rd2 Kf8 23. Re3 d4 24. cxd4 Qxd4 25. Qh6+ Ke8 26. Re4 Qc5 27. Qg5 Bc6
28. Rc4 Qxe5 29. Qxe5 Nxe5 30. Ra4 Bxa4 0-1

[Event "Online Olym Div3 B 2021"]
[Site "chess.com INT"]
[Date "2021.08.28"]
[Round "4.4"]
[Board "1"]
[White "Paiva, Donaldo"]
[Black "Ortega Amarelle, Mariano"]
[Result "0-1"]
[WhiteTitle "CM"]
[BlackTitle "IM"]
[WhiteElo "2201"]
[BlackElo "2463"]
[WhiteTeam "Mozambique"]
[BlackTeam "Cape Verde"]
[WhiteFideId "14800098"]
[BlackFideId "3504301"]
[EventDate "2021.08.27"]
[EventType "team"]

1. d4 c5 2. d5 e5 3. c4 d6 4. Nc3 Nf6 5. e4 Be7 6. Nge2 O-O 7. Ng3 Ne8 8. h4 g6
9. Bh6 Ng7 10. Qd2 f5 11. exf5 gxf5 12. Be2 Rf7 0-1

[Event "Online Olym Div3 B 2021"]
[Site "chess.com INT"]
[Date "2021.08.28"]
[Round "4.4"]
[Board "2"]
[White "Mirulla, David"]
[Black "Jamal, Hamid Harmon Gulamo"]
[Result "0-1"]
[WhiteElo "1956"]
[BlackElo "1495"]
[WhiteTeam "Cape Verde"]
[BlackTeam "Mozambique"]
[WhiteFideId "2830235"]
[BlackFideId "14801221"]
[EventDate "2021.08.27"]
[EventType "team"]

1. e4 c5 2. Nf3 g6 3. d4 cxd4 4. Nxd4 Bg7 5. Be3 Nc6 6. Nc3 Nf6 7. f3 d5 8. exd5
Nxd5 9. Nxd5 Qxd5 10. Nxc6 Qxc6 11. Bd4 Bxd4 12. Qxd4 O-O 13. Bd3 e5 14. Qe4 Qc5
15. O-O-O Bf5 16. Qc4 Qe3+ 17. Kb1 Rac8 18. Qb3 Be6 19. Bc4 Qxb3 20. Bxb3 Bxb3
21. axb3 Rcd8 22. Kc1 Kg7 23. Rxd8 Rxd8 24. Rd1 Rxd1+ 25. Kxd1 Kf6 26. b4 Kf5
27. Ke2 e4 28. Ke3 exf3 29. Kxf3 Ke5 30. Ke3 a6 31. b3 h5 32. c3 g5 33. g3 g4
34. Kd3 f5 35. Ke3 Ke6 36. Kd4 f4 37. gxf4 Kf5 38. Ke3 h4 39. c4 h3 40. b5 axb5
41. cxb5 g3 0-1

[Event "Online Olym Div3 B 2021"]
[Site "chess.com INT"]
[Date "2021.08.28"]
[Round "4.4"]
[Board "3"]
[White "Vilhete, Vania Fausto Da T."]
[Black "Rodriguez Guevara, Celia M."]
[Result "1-0"]
[WhiteTitle "WIM"]
[WhiteElo "1753"]
[BlackElo "1849"]
[WhiteTeam "Mozambique"]
[BlackTeam "Cape Verde"]
[WhiteFideId "14800144"]
[BlackFideId "3511596"]
[EventDate "2021.08.27"]
[EventType "team"]

1. d4 d5 2. c4 e6 3. e3 Nf6 4. Nf3 Be7 5. Bd3 b6 6. Nbd2 Bb7 7. O-O O-O 8. b3 c5
9. Bb2 Nc6 10. Rc1 Rc8 11. Bb1 Re8 12. Re1 Bd6 13. a3 a5 14. Qc2 Qc7 15. dxc5
Bxc5 16. Bxf6 gxf6 17. Qxh7+ Kf8 18. cxd5 Ne5 19. b4 Ke7 20. bxc5 Bxd5 21. Nxe5
Qxe5 22. f4 Qb8 23. Qd3 Rg8 24. e4 Ba8 25. Qd6+ Qxd6 26. cxd6+ Kxd6 27. Nc4+ Kc7
28. Nxa5+ Kb8 29. Nb3 f5 30. Rxc8+ Kxc8 31. g3 fxe4 32. Bxe4 Bxe4 33. Rxe4 Kb7
34. Rb4 Ra8 35. a4 Kc6 36. Kg2 Rd8 37. h4 Rd1 38. Kf3 f5 39. Rc4+ Kb7 40. Rc3
Rd4 41. Nxd4 1-0

[Event "Online Olym Div3 B 2021"]
[Site "chess.com INT"]
[Date "2021.08.28"]
[Round "4.4"]
[Board "5"]
[White "Celso Andre Manjate"]
[Black "Santos, Bruno Miguel Araujo"]
[Result "1-0"]
[WhiteElo "1721"]
[BlackElo "1409"]
[WhiteTeam "Mozambique"]
[BlackTeam "Cape Verde"]
[WhiteFideId "14800802"]
[BlackFideId "23600349"]
[EventDate "2021.08.27"]
[EventType "team"]

1. e4 c5 2. Nf3 e6 3. d4 cxd4 4. Nxd4 Nf6 5. Nc3 Bb4 6. Bd3 Nc6 7. Nf3 d5 8.
exd5 Nxd5 9. Bd2 O-O 10. Nxd5 Qxd5 11. O-O Bxd2 12. Qxd2 Ne5 13. Nxe5 Qxe5 14.
b3 b6 15. Rfe1 Qd6 16. Bxh7+ Kxh7 17. Qxd6 Bb7 18. Re3 Rfd8 19. Qe7 Rf8 20. Qxb7 1-0

[Event "Online Olym Div3 B 2021"]
[Site "chess.com INT"]
[Date "2021.08.28"]
[Round "4.5"]
[Board "1"]
[White "Methu, Joseph Muragu"]
[Black "Zaibi, Amir"]
[Result "0-1"]
[BlackTitle "GM"]
[WhiteElo "2125"]
[BlackElo "2398"]
[WhiteTeam "Kenya"]
[BlackTeam "Tunisia"]
[WhiteFideId "10804714"]
[BlackFideId "5500796"]
[EventDate "2021.08.27"]
[EventType "team"]

1. d4 d5 2. c4 e6 3. Nc3 Nf6 4. cxd5 Nxd5 5. e4 Nxc3 6. bxc3 c5 7. a3 cxd4 8.
cxd4 Be7 9. Nf3 O-O 10. Bd3 Nc6 11. e5 Kh8 12. Bc2 Qa5+ 13. Bd2 Qa6 14. Qb1 h6
15. Bd3 Qb6 16. Qxb6 axb6 17. Ke2 Rxa3 18. Rxa3 Bxa3 19. Rb1 Rd8 20. Ke3 Ne7 21.
Be4 Nd5+ 22. Bxd5 Rxd5 23. Rxb6 Be7 24. Ne1 Rxe5+ 25. Kd3 Rd5 26. Ke4 Bd8 27.
Rb2 Rxd4+ 28. Ke3 Bg5+ 29. Kxd4 Bf6+ 30. Kc4 Bxb2 31. Nf3 Kg8 32. Bf4 Kf8 33.
Ne5 Ke7 34. Nd3 Ba3 35. f3 Bd7 36. h3 f6 37. Be3 Bd6 38. Nc5 Bc6 39. Nd3 b5+ 40.
Kc3 Bd5 41. Nc5 Bc4 42. Ne4 Ba3 43. Nd2 Bd5 44. Nb3 Bxb3 45. Kxb3 Bd6 46. Kc2
Kd7 47. Kd3 Kc6 48. g4 Kd5 49. h4 b4 50. h5 Be5 51. f4 Ba1 52. g5 hxg5 53. fxg5
fxg5 0-1

[Event "Online Olym Div3 B 2021"]
[Site "chess.com INT"]
[Date "2021.08.28"]
[Round "4.5"]
[Board "2"]
[White "Amdouni, Zoubaier"]
[Black "Njoroge, Martin"]
[Result "1-0"]
[WhiteTitle "FM"]
[WhiteElo "2218"]
[BlackElo "1958"]
[WhiteTeam "Tunisia"]
[BlackTeam "Kenya"]
[WhiteFideId "5500419"]
[BlackFideId "10801952"]
[EventDate "2021.08.27"]
[EventType "team"]

1. e4 c5 2. Nf3 e6 3. d4 cxd4 4. Nxd4 a6 5. Bd3 Qc7 6. O-O Nf6 7. h3 b5 8. a4 b4
9. b3 Bb7 10. Qe2 Be7 11. Bb2 d6 12. Nd2 Nbd7 13. Rae1 O-O 14. f4 Rfc8 15. e5
dxe5 16. fxe5 Nd5 17. Bxh7+ Kh8 18. Bd3 Nc5 19. Qh5+ Kg8 20. Qxf7+ Kh8 21. Qh5+
Kg8 22. Qh7# 1-0

[Event "Online Olym Div3 B 2021"]
[Site "chess.com INT"]
[Date "2021.08.28"]
[Round "4.5"]
[Board "3"]
[White "Ndirangu, Nyaruai, Joyce"]
[Black "Miladi, Amen"]
[Result "1/2-1/2"]
[WhiteTitle "WCM"]
[BlackTitle "WFM"]
[WhiteElo "1647"]
[BlackElo "1665"]
[WhiteTeam "Kenya"]
[BlackTeam "Tunisia"]
[WhiteFideId "10802886"]
[BlackFideId "5503779"]
[EventDate "2021.08.27"]
[EventType "team"]

1. d4 Nf6 2. Nf3 g6 3. Bf4 Bg7 4. e3 O-O 5. Be2 d6 6. c4 Nbd7 7. Nc3 c5 8. O-O
a6 9. h3 Re8 10. Rc1 b6 11. Bh2 cxd4 12. exd4 Bb7 13. d5 Rc8 14. b3 Nc5 15. Bd3
Nxd3 16. Qxd3 Qd7 17. Na4 Qd8 18. Rfe1 b5 19. cxb5 axb5 20. Qxb5 Bxd5 21. Rxc8
Qxc8 22. Nd4 Qb7 23. Qxb7 Bxb7 24. Rc1 Nd5 25. Ne2 Rc8 26. Rxc8+ Bxc8 27. Bg3
Ba6 28. Nf4 Nb4 29. Nb6 Nxa2 30. Nfd5 e5 31. f3 Nc1 32. b4 Nd3 33. Na4 Bc4 34.
Nac3 f5 35. Bh4 Kf7 36. Bd8 Ke6 37. Ne3 Bb3 38. b5 Kd7 39. Ba5 Kc8 40. Kf1 Nc5
41. Bb4 f4 42. Ned5 Bc4+ 43. Kf2 Nd3+ 44. Kg1 Nxb4 45. Nxb4 Kb7 46. Ncd5 Bxb5
47. Kf2 Bc6 48. Nc3 Kb6 49. Ke2 Kc5 50. Nxc6 Kxc6 51. Kd3 d5 52. Na4 Kb5 53.
Nc3+ Kc5 54. Na4+ Kd6 55. Nc3 Bf8 56. Nb5+ Kc6 57. Nc3 Bb4 58. Ne2 Kd6 59. Nc1
Ke6 60. Na2 Ba5 61. Nc1 Kf5 62. Nb3 Bb6 63. Ke2 e4 64. fxe4+ dxe4 65. Nd2 e3 66.
Nc4 Bc7 67. Kf3 g5 68. g4+ fxg3 69. Nxe3+ Kg6 70. Nd5 Bd6 71. Nc3 Kh5 72. Ne4
Bf4 73. Nf6+ Kg6 74. Ne4 h5 75. Nc3 Kf5 76. Nd5 h4 77. Ne7+ Ke6 78. Nc6 Kd6 79.
Nd4 Kd5 80. Ne2 Bd6 81. Nc3+ Ke6 82. Ne4 Bf4 83. Nc3 Kf5 84. Ne2 Be5 85. Nc1 g4+
86. hxg4+ Kg5 87. Ne2 Bd6 88. Ng1 Bc5 89. Ne2 Bf2 90. Nf4 Be1 91. Nh3+ Kg6 92.
Nf4+ Kg5 93. Nh3+ Kg6 94. Nf4+ Kf6 1/2-1/2

[Event "Online Olym Div3 B 2021"]
[Site "chess.com INT"]
[Date "2021.08.28"]
[Round "4.5"]
[Board "4"]
[White "Guidara, Rawia"]
[Black "Wanjiru, Lucy"]
[Result "0-1"]
[BlackTitle "WCM"]
[WhiteElo "1360"]
[BlackElo "1619"]
[WhiteTeam "Tunisia"]
[BlackTeam "Kenya"]
[WhiteFideId "5506697"]
[BlackFideId "10808590"]
[EventDate "2021.08.27"]
[EventType "team"]

1. e4 e5 2. Nf3 Nc6 3. d4 exd4 4. Bc4 Bb4+ 5. Bd2 Qe7 6. O-O Nf6 7. e5 Ne4 8.
Bxb4 Qxb4 9. Bb3 O-O 10. a3 Qc5 11. Re1 d5 12. exd6 Nxd6 13. Qd3 Bf5 14. Qd1 Bg4
15. Nbd2 Rfe8 16. Rc1 Ne5 17. h3 Nxf3+ 18. Nxf3 Rxe1+ 19. Qxe1 Bxf3 20. gxf3
Qg5+ 21. Kh2 Qf4+ 22. Kg1 Qxf3 23. Rd1 Re8 24. Qf1 Nf5 25. Rd3 Qf4 26. Qd1 Qg5+
27. Kh2 h5 28. Qf3 c6 29. Rxd4 Re1 30. Re4 0-1

[Event "Online Olym Div3 B 2021"]
[Site "chess.com INT"]
[Date "2021.08.28"]
[Round "4.5"]
[Board "5"]
[White "Muchiri, Rocky"]
[Black "Elayeb, Med Yessine"]
[Result "0-1"]
[WhiteElo "1611"]
[BlackElo "1661"]
[WhiteTeam "Kenya"]
[BlackTeam "Tunisia"]
[WhiteFideId "10810803"]
[BlackFideId "5506433"]
[EventDate "2021.08.27"]
[EventType "team"]

1. e4 c5 2. Nf3 Nc6 3. Nc3 Nf6 4. Bc4 e6 5. d4 cxd4 6. Nxd4 Bb4 7. Nxc6 bxc6 8.
Bg5 Qa5 9. Bxf6 gxf6 10. Qf3 Ke7 0-1

[Event "Online Olym Div3 B 2021"]
[Site "chess.com INT"]
[Date "2021.08.28"]
[Round "5.1"]
[Board "1"]
[White "Zaibi, Amir"]
[Black "Eiti, Bashir"]
[Result "0-1"]
[WhiteTitle "GM"]
[BlackTitle "IM"]
[WhiteElo "2398"]
[BlackElo "2340"]
[WhiteTeam "Tunisia"]
[BlackTeam "Syria"]
[WhiteFideId "5500796"]
[BlackFideId "7601875"]
[EventDate "2021.08.27"]
[EventType "team"]

1. e4 d6 2. d4 Nf6 3. Nc3 Nbd7 4. Nf3 e5 5. g4 h6 6. g5 hxg5 7. Bxg5 Be7 8. h4
c6 9. a4 a5 10. Bc4 Qb6 11. Qd2 exd4 12. Nxd4 Ne5 13. Be2 Qxb2 14. Rb1 Qa3 15.
f4 Neg4 16. Rg1 Qc5 17. Rg3 Nh6 18. f5 Qe5 19. Qe3 Nd7 20. Bf4 Qc5 21. Rxg7 Bf6
22. e5 Bxg7 23. f6 Bf8 24. Ne4 Nf5 25. Nxf5 Qxe3 26. Nfxd6+ Bxd6 27. Nxd6+ Kf8
28. Bxe3 Nxe5 29. Bc5 Kg8 30. Kd2 Rxh4 31. Rg1+ Kh8 32. Rg5 b6 33. Be3 Be6 34.
Rxe5 Rd8 35. Bxb6 Rxd6+ 36. Kc3 Rd5 37. Re3 Rh3 38. Bf3 Rf5 39. Bxc6 Rxe3+ 40.
Bxe3 Kg8 41. Bd4 Rf1 42. Bb5 Bf5 43. Bb6 Rc1 44. Bxa5 Rxc2+ 45. Kd4 Ra2 46. Bc7
Rc2 47. Bb6 Rb2 48. Kc5 Rc2+ 49. Kd6 Rb2 50. Kc7 Kh7 51. Bc6 Kg6 52. a5 Bd3 53.
Bb7 Rc2+ 54. Kb8 Kxf6 55. a6 Bxa6 56. Bxa6 Kg5 57. Be3+ Kg4 58. Bc8+ Kf3 59. Bb6
Ke4 60. Bb7+ Ke5 61. Bc7+ Ke6 62. Bc8+ Ke7 63. Kb7 f6 64. Bf5 Rf2 65. Bh3 f5 66.
Kc6 Rc2+ 67. Kb6 Kf6 68. Bf4 Rc4 69. Bg3 Rc3 70. Bh4+ Ke5 71. Bg2 Rc2 72. Bc6
Kf4 73. Kc7 Kg4 74. Bf6 f4 75. Kd6 f3 76. Bd4 f2 77. Bb5 Kf3 78. Kd5 Rc1 79. Bc5
f1=Q 80. Bxf1 Rxf1 81. Kc6 Ke4 82. Kb7 Kd5 83. Ba7 Rb1+ 84. Ka8 Kc6 85. Be3 Ra1+
86. Ba7 Ra2 87. Kb8 Kb5 88. Ka8 Ka6 89. Bb8 Kb6+ 0-1

[Event "Online Olym Div3 B 2021"]
[Site "chess.com INT"]
[Date "2021.08.28"]
[Round "5.1"]
[Board "2"]
[White "Koniahli, Malek."]
[Black "Amdouni, Zoubaier"]
[Result "1-0"]
[WhiteTitle "FM"]
[BlackTitle "FM"]
[WhiteElo "2255"]
[BlackElo "2218"]
[WhiteTeam "Syria"]
[BlackTeam "Tunisia"]
[WhiteFideId "7603495"]
[BlackFideId "5500419"]
[EventDate "2021.08.27"]
[EventType "team"]

1. c4 Nf6 2. Nc3 c5 3. Nf3 Nc6 4. e3 d6 5. d4 Bg4 6. d5 Ne5 7. Be2 Bxf3 8. gxf3
g6 9. f4 Ned7 10. h4 h5 11. b3 Bg7 12. Bb2 Ne4 13. Nxe4 Bxb2 14. Rb1 Bg7 15. Qc2
Nf6 16. Ng5 Qa5+ 17. Kf1 Ng4 18. Bxg4 hxg4 19. f5 Bh6 20. Qb2 f6 21. Ne6 gxf5
22. Qc2 g3 23. Qxf5 gxf2 24. Rh2 Bxe3 25. Rg2 b5 26. Rg7 Rb8 27. Qe4 Bh6 28. Rg2
bxc4 29. bxc4 Rxb1+ 30. Qxb1 Qe1+ 31. Qxe1 fxe1=Q+ 32. Kxe1 Kd7 33. Rb2 Rc8 34.
Rb7+ Ke8 35. Rxa7 Kf7 36. h5 Rb8 37. Ke2 Rb2+ 38. Kd3 Rd2+ 39. Kc3 Rh2 40. a4
Ra2 41. Nd8+ Ke8 42. Nc6 Re2 43. a5 f5 44. a6 f4 45. Rb7 Ra2 46. a7 f3 47. Kb3
Rxa7 48. Rxa7 f2 49. Ra1 Kf7 50. Kc2 Kf6 51. Kd3 1-0

[Event "Online Olym Div3 B 2021"]
[Site "chess.com INT"]
[Date "2021.08.28"]
[Round "5.1"]
[Board "3"]
[White "Ben Said, Safa"]
[Black "Mahmoud, Roula"]
[Result "1-0"]
[WhiteTitle "WFM"]
[BlackTitle "WFM"]
[WhiteElo "1577"]
[BlackElo "1765"]
[WhiteTeam "Tunisia"]
[BlackTeam "Syria"]
[WhiteFideId "5503400"]
[BlackFideId "7601263"]
[EventDate "2021.08.27"]
[EventType "team"]

1. e4 c5 2. Nf3 e6 3. d4 cxd4 4. Nxd4 Nf6 5. f3 d6 6. Nc3 a6 7. a4 Nc6 8. Be2
Be7 9. Be3 O-O 10. O-O Qc7 11. Qd2 Bd7 12. Kh1 Rac8 13. Rfd1 d5 14. exd5 exd5
15. Bd3 Bb4 16. Nxc6 bxc6 17. Bd4 Qd6 18. Qg5 h6 19. Qh4 Ne8 20. Ne2 c5 21. c3
Ba5 22. Be3 Bd8 23. Qf2 Nf6 24. Nf4 d4 25. cxd4 cxd4 26. Bd2 Bc7 27. g3 Bc6 28.
Rac1 Ng4 29. Qf1 Ne5 30. Be4 Bxe4 31. fxe4 Ng4 32. Qe2 Nf6 33. Be1 Rfe8 34. Bf2
Rxe4 35. Qd3 Rce8 36. Kg2 Qd8 37. Qxa6 Bxf4 38. gxf4 Rxf4 39. Qc4 Qa8+ 40. Kg1
Qf3 41. Bg3 Rg4 42. Qd3 Re3 43. Rc8+ 1-0

[Event "Online Olym Div3 B 2021"]
[Site "chess.com INT"]
[Date "2021.08.28"]
[Round "5.1"]
[Board "4"]
[White "Algildah, Nibal"]
[Black "Miladi, Amen"]
[Result "0-1"]
[WhiteTitle "WIM"]
[BlackTitle "WFM"]
[WhiteElo "1852"]
[BlackElo "1665"]
[WhiteTeam "Syria"]
[BlackTeam "Tunisia"]
[WhiteFideId "7600950"]
[BlackFideId "5503779"]
[EventDate "2021.08.27"]
[EventType "team"]

1. Nf3 Nf6 2. d4 g6 3. c3 Bg7 4. Bg5 d6 5. Nbd2 Nbd7 6. e3 O-O 7. h3 b6 8. Bd3
Bb7 9. Qc2 c5 10. O-O Rc8 11. Rac1 cxd4 12. exd4 Qc7 13. Rfe1 Rfe8 14. Ne4 e5
15. dxe5 dxe5 16. Nfd2 Nd5 17. Nc4 Re6 18. Ne3 Nxe3 19. fxe3 h6 20. Bh4 Kh7 21.
Rf1 f5 22. Nd2 Rf8 23. Bf2 Nc5 24. Be2 e4 25. Nb3 Rd8 26. Nd4 Ree8 27. b4 Ne6
28. Nxe6 Rxe6 29. c4 Bf8 30. Qb3 Qe5 31. Rc2 Bd6 32. g3 h5 33. h4 g5 34. Qb2
gxh4 35. Qxe5 Bxe5 36. gxh4 Rg8+ 37. Kh1 Reg6 38. Bxh5 Rg2 0-1

[Event "Online Olym Div3 B 2021"]
[Site "chess.com INT"]
[Date "2021.08.28"]
[Round "5.1"]
[Board "5"]
[White "Chorfen, Youssef"]
[Black "Kareem, Hneidi."]
[Result "0-1"]
[WhiteElo "1861"]
[BlackElo "1967"]
[WhiteTeam "Tunisia"]
[BlackTeam "Syria"]
[WhiteFideId "5508665"]
[BlackFideId "7608730"]
[EventDate "2021.08.27"]
[EventType "team"]

1. e4 c5 2. Nf3 Nc6 3. Nc3 Nf6 4. g3 d6 5. Bg2 g6 6. O-O Bg7 7. d4 cxd4 8. Nxd4
Bd7 9. h3 Rc8 10. Nxc6 Bxc6 11. Be3 O-O 12. a4 b6 13. Bd4 Qc7 14. Qd3 Rfd8 15.
Qe3 e5 16. Ne2 exd4 17. Nxd4 Ba8 18. Rfd1 Qc5 19. c3 Re8 20. f3 a6 21. Kh2 h5
22. Rd3 h4 23. gxh4 Nd5 24. Qg5 Nf4 25. Nf5 Nxd3 26. h5 Qe5+ 27. Kh1 Qf4 28.
Ne7+ Rxe7 29. Qxe7 Qg3 30. hxg6 Nf2+ 31. Kg1 Nxh3+ 32. Kh1 Ng5 33. gxf7+ Nxf7
34. Qd7 Rd8 35. Qe6 Be5 36. Kg1 Kg7 37. Rd1 Rh8 38. Kf1 Rh2 39. Rd2 Qf4 40. Re2
Rh6 41. Qc8 Rh8 42. Qe6 Bc6 43. a5 bxa5 44. Qc4 Bb5 0-1

[Event "Online Olym Div3 B 2021"]
[Site "chess.com INT"]
[Date "2021.08.28"]
[Round "5.1"]
[Board "6"]
[White "Ahmad Murad, Fatema Alzahraa."]
[Black "Chihi, Malek"]
[Result "0-1"]
[BlackTitle "WCM"]
[WhiteElo "1872"]
[BlackElo "1662"]
[WhiteTeam "Syria"]
[BlackTeam "Tunisia"]
[WhiteFideId "7602103"]
[BlackFideId "5504430"]
[EventDate "2021.08.27"]
[EventType "team"]

1. d4 d5 2. c4 dxc4 3. e3 Nf6 4. Nc3 a6 5. Bxc4 b5 6. Bd3 e6 7. Nf3 c5 8. O-O
Bb7 9. dxc5 Bxc5 10. a3 O-O 11. Be2 Qc7 12. Qc2 Bd6 13. b4 Nbd7 14. Bb2 Ne5 15.
Nd4 Ng6 16. g3 Rac8 17. Rac1 Ba8 18. Qd1 Qd7 19. Bf3 Bxf3 20. Qxf3 Ne5 21. Qe2
Nc4 22. Rfd1 Qb7 23. Nb1 Nxb2 24. Qxb2 Rxc1 25. Qxc1 Rc8 26. Qb2 Be5 27. Qe2 Nd5
28. f4 Bxd4 29. Rxd4 Rc1+ 30. Rd1 Rxd1+ 31. Qxd1 Qb6 32. Qd4 Qc6 33. Qd2 h6 34.
Kf2 Nc3 35. Nxc3 Qh1 36. Qd8+ Kh7 37. Qd3+ Kg8 38. Ke2 Qxh2+ 39. Kf3 Qh1+ 40.
Ke2 Qg2+ 41. Kd1 Qxg3 42. Ne4 Qg1+ 43. Kd2 Qg2+ 44. Kc3 Qa2 45. Qd8+ Kh7 46. Qa5
Qc4+ 47. Kd2 Qxe4 48. Qxa6 Qd5+ 49. Ke2 h5 50. Qc8 h4 51. Qc2+ Qf5 52. Qxf5+
exf5 53. a4 bxa4 54. b5 a3 55. b6 a2 56. b7 a1=Q 57. b8=Q Qa2+ 58. Kf3 h3 59. e4
Qg2+ 60. Ke3 Qxe4+ 61. Kd2 h2 62. Qb2 Qg2+ 0-1

[Event "Online Olym Div3 B 2021"]
[Site "chess.com INT"]
[Date "2021.08.28"]
[Round "5.2"]
[Board "1"]
[White "Ortega Amarelle, Mariano"]
[Black "Methu, Joseph Muragu"]
[Result "1-0"]
[WhiteTitle "IM"]
[WhiteElo "2463"]
[BlackElo "2125"]
[WhiteTeam "Cape Verde"]
[BlackTeam "Kenya"]
[WhiteFideId "3504301"]
[BlackFideId "10804714"]
[EventDate "2021.08.27"]
[EventType "team"]

1. d4 Nf6 2. Nf3 g6 3. Bg5 Bg7 4. Nbd2 d6 5. e4 h6 6. Bh4 g5 7. Bg3 Nh5 8. c3
Nc6 9. Bc4 Nxg3 10. hxg3 e5 11. dxe5 Nxe5 12. Nxe5 Bxe5 13. Qb3 Qe7 14. O-O-O g4
15. Be2 c6 16. Nc4 Be6 17. Qb4 Bxc4 18. Qxc4 h5 19. Kb1 O-O-O 20. Rxh5 Rhg8 21.
Rh4 Qd7 22. Qa4 Kb8 23. Rdh1 f5 24. Rh7 Rg7 25. Rxg7 Bxg7 26. Qc2 Rf8 27. f4
gxf3 28. gxf3 fxe4 29. Qxe4 Re8 30. Qc2 Qe7 31. Bd3 Qe3 32. Rf1 d5 33. a3 d4 34.
c4 Rf8 35. Be4 Rd8 36. Qd3 Qg5 37. f4 Qg4 38. Qf3 Qh3 39. g4 Qh2 40. Qg2 Qh4 41.
Bd3 Re8 42. f5 Bf6 43. Rh1 Re1+ 44. Rxe1 Qxe1+ 45. Ka2 Qe3 46. Qf1 Kc7 47. Qd1
Bg5 48. Be2 Qd2 49. Qf1 Kd6 50. f6 Qf4 51. f7 Qxf1 52. Bxf1 Be7 53. g5 Bf8 54.
g6 Ke5 55. Kb1 Kf4 56. Kc2 Ke3 57. Bd3 c5 58. Bf5 b6 59. b4 Kf4 60. Bd3 Ke3 61.
bxc5 bxc5 62. Bf1 Bg7 63. Bh3 d3+ 64. Kb3 Bf8 65. Ka4 d2 66. Bg4 Kf4 67. Bd1 Kg5
68. Bc2 d1=Q 69. Bxd1 Kxg6 70. Kb5 Kxf7 71. Ka6 Bg7 72. Kxa7 Ke6 73. a4 Bc3 74.
Kb6 Kd7 75. Bg4+ Kd8 76. a5 1-0

[Event "Online Olym Div3 B 2021"]
[Site "chess.com INT"]
[Date "2021.08.28"]
[Round "5.2"]
[Board "2"]
[White "Irungu Brian Mwangi"]
[Black "Mirulla, David"]
[Result "1-0"]
[WhiteElo "1374"]
[BlackElo "1956"]
[WhiteTeam "Kenya"]
[BlackTeam "Cape Verde"]
[WhiteFideId "10815406"]
[BlackFideId "2830235"]
[EventDate "2021.08.27"]
[EventType "team"]

1. e4 e5 2. Nf3 Nc6 3. Bb5 a6 4. Ba4 Nf6 5. O-O b5 6. Bb3 Be7 7. Re1 O-O 8. d3
d6 9. Nbd2 Na5 10. Nf1 c5 11. c3 Nxb3 12. Qxb3 Be6 13. Qd1 Re8 14. Ng3 h6 15. d4
Qc7 16. h3 Rad8 17. d5 Bc8 18. Bd2 Bf8 19. a4 Kh7 20. Qb3 bxa4 21. Rxa4 g6 22.
Qc4 Nd7 23. Qd3 Nb6 24. Ra2 Bg7 25. Rea1 c4 26. Qc2 Nd7 27. Be3 Rf8 28. Ra4 Nc5
29. Rxc4 Qe7 30. b4 Nxe4 31. Nxe4 f5 32. Ned2 e4 33. Nh2 f4 34. Bb6 Rde8 35.
Rxe4 Qb7 36. Rxe8 Rxe8 37. Ba5 Bf5 38. Qb3 Qe7 39. Nhf3 Bd3 40. Re1 Qxe1+ 41.
Nxe1 Rxe1+ 42. Kh2 Rb1 43. Nxb1 1-0

[Event "Online Olym Div3 B 2021"]
[Site "chess.com INT"]
[Date "2021.08.28"]
[Round "5.2"]
[Board "3"]
[White "Rodriguez Guevara, Celia M."]
[Black "Ndirangu, Nyaruai, Joyce"]
[Result "0-1"]
[BlackTitle "WCM"]
[WhiteElo "1849"]
[BlackElo "1647"]
[WhiteTeam "Cape Verde"]
[BlackTeam "Kenya"]
[WhiteFideId "3511596"]
[BlackFideId "10802886"]
[EventDate "2021.08.27"]
[EventType "team"]

1. e4 c5 2. g3 Nc6 3. Bg2 d6 4. Nf3 g6 5. d4 cxd4 6. Nxd4 Bg7 7. c3 Bd7 8. Be3
Nf6 9. O-O O-O 10. Qd2 Ng4 11. Nxc6 Bxc6 12. Bd4 e5 13. Be3 Nxe3 14. Qxe3 f5 15.
Nd2 Qf6 16. Rad1 a6 17. b3 Rad8 18. a4 d5 19. exd5 Bxd5 20. c4 Bxg2 21. Kxg2
Qc6+ 22. Nf3 e4 23. Ne1 Rxd1 0-1

[Event "Online Olym Div3 B 2021"]
[Site "chess.com INT"]
[Date "2021.08.28"]
[Round "5.2"]
[Board "5"]
[White "Santos, Bruno Miguel Araujo"]
[Black "Mcligeyo, Robert"]
[Result "1-0"]
[WhiteElo "1409"]
[BlackElo "1688"]
[WhiteTeam "Cape Verde"]
[BlackTeam "Kenya"]
[WhiteFideId "23600349"]
[BlackFideId "10814647"]
[EventDate "2021.08.27"]
[EventType "team"]

1. e4 c6 2. d4 d5 3. Nc3 dxe4 4. Nxe4 Nf6 5. Nxf6+ exf6 6. Nf3 Bd6 7. Bd3 O-O 8.
O-O Re8 9. Re1 Bg4 10. Bd2 Rxe1+ 11. Qxe1 Bxf3 12. gxf3 Nd7 13. Kh1 Nf8 14. Qe4
Qd7 15. Rg1 Qh3 16. Bf4 Bxf4 17. Qxf4 Rd8 18. Qxf6 Ne6 19. Rxg7+ Nxg7 20. Qxd8+
Ne8 21. Qxe8+ Kg7 22. Qe5+ Kf8 23. Qg3 Qe6 24. Qe5 Qh3 25. Qb8+ Ke7 26. Qxb7+
Kf8 27. Qb8+ Ke7 28. Qg3 Qh6 29. f4 Qe6 30. Qe3 1-0